000 00552nam a2200169 i 4500
001 141461
003 ES-MaACL
005 20230906200310.0
007 t|
008 070924s1942 sp ||||1| spa d
100 1 _aVogel, Klaus.
_9115653
245 1 3 _aLa infección focal en otorrinolaringología /
_cpor Klaus Vogel ; traducción del alemán del Dr. José M. Sacristán.
260 _aMadrid :
_bEspasa-Calpe,
_c1942.
300 _a141 p. :
_bil. ;
_c22 cm.
700 1 _aSacristán, José María.
_9101267
852 _aES-MaACL
_jC-5113
_bR.25767
999 _c141461
_d141461